Neutron stars and pulsars (Record no. 13661)
[ view plain ]
| 000 -LEADER | |
|---|---|
| fixed length control field | 01002nam a2200241Ia 4500 |
| 003 - CONTROL NUMBER IDENTIFIER | |
| control field | IN-BaIIA |
| 008 - FIXED-LENGTH DATA ELEMENTS--GENERAL INFORMATION | |
| fixed length control field | 211028s9999 xx 000 0 eng d |
| 020 ## - INTERNATIONAL STANDARD BOOK NUMBER | |
| International Standard Book Number | 4-946443-44-4 |
| 040 ## - CATALOGING SOURCE | |
| Transcribing agency | IIA Library |
| 080 ## - UNIVERSAL DECIMAL CLASSIFICATION NUMBER | |
| Universal Decimal Classification number | 524.354 |
| Item number | NEU |
| 111 ## - MAIN ENTRY--MEETING NAME | |
| Meeting name or jurisdiction name as entry element | International Conference on Neutron Stars and Pulsars Thirty Years After The Discovery |
| Location of meeting | Tokyo, Japan |
| Date of meeting or treaty signing | 1997 Nov. 17-20 |
| 9 (RLIN) | 24007 |
| 245 #0 - TITLE STATEMENT | |
| Title | Neutron stars and pulsars |
| Remainder of title | proceedings of the international conference on neutron stars and pulsars thirty years after the discovery, held in Tokyo, Japan, November 17-20, 1997 |
| Statement of responsibility, etc. | edited by N. Shibazaki…[et al.] |
| 260 ## - PUBLICATION, DISTRIBUTION, ETC. | |
| Place of publication, distribution, etc. | Tokyo |
| Name of publisher, distributor, etc. | Universal Academy Press |
| Date of publication, distribution, etc. | 1998 |
| 300 ## - PHYSICAL DESCRIPTION | |
| Extent | xvi, 564p. |
| 490 ## - SERIES STATEMENT | |
| Series statement | Frontiers science series; no. 24 |
| 650 ## - SUBJECT ADDED ENTRY--TOPICAL TERM | |
| Topical term or geographic name entry element | Astronomy |
| 9 (RLIN) | 80 |
| 650 ## - SUBJECT ADDED ENTRY--TOPICAL TERM | |
| Topical term or geographic name entry element | Internet |
| 9 (RLIN) | 19716 |
| 700 ## - ADDED ENTRY--PERSONAL NAME | |
| Personal name | Kawai, N., ed. |
| 9 (RLIN) | 24008 |
| 700 ## - ADDED ENTRY--PERSONAL NAME | |
| Personal name | Kifune, T., ed. |
| 9 (RLIN) | 24009 |
| 700 ## - ADDED ENTRY--PERSONAL NAME | |
| Personal name | Shibata, S., ed. |
| 9 (RLIN) | 24010 |
| 700 ## - ADDED ENTRY--PERSONAL NAME | |
| Personal name | Shibazaki, N., ed. |
| 9 (RLIN) | 24011 |
| 942 ## - ADDED ENTRY ELEMENTS (KOHA) | |
| Koha item type | Books |
| Withdrawn status | Lost status | Damaged status | Not for loan | Home library | Current library | Shelving location | Date acquired | Source of acquisition | Cost, normal purchase price | Total Checkouts | Full call number | Barcode | Date last seen | Cost, replacement price | Price effective from | Koha item type | Purchase Price |
|---|---|---|---|---|---|---|---|---|---|---|---|---|---|---|---|---|---|
| IIA Library-Bangalore | IIA Library-Bangalore | General Stacks | 14/08/2000 | UNAP | 12000.00 | 524.354/ NEU | 14580 | 05/11/2021 | 12000.00 | 14/08/2000 | Books | Rs. 12000.00 |